000 00928cam a22002774a 4500
005 20260322212009.0
008 data
010 _a 2003043633
020 _a0760315175 (pbk. : alk. paper)
020 _a9780760315170 (pbk. : alk. paper)
040 _aDLC
_cDLC
_dDLC
042 _apcc
043 _an-us---
050 0 0 _aGV1032.E19
_bC68 2003
082 0 0 _aB
_aB
_221
100 1 _aCothren, Larry.
245 1 0 _aDale Earnhardt, Jr. :
_bstanding tall in the shadow of a legend /
_cLarry Cothren ; foreword by Benny Phillips.
260 _aSt. Paul, MN :
_bMotorbooks International,
_c2003.
300 _a159 p. :
_bcol. ill. ;
_c28 cm.
500 _aIncludes index.
600 1 0 _aEarnhardt, Dale,
_cJr.
650 0 _aStock car drivers
_zUnited States
_vBiography.
650 0 _aStock car racing
_zUnited States.
856 4 2 _3Publisher description
_uhttp://www.loc.gov/catdir/enhancements/fy0660/2003043633-d.html
001 data
999 _c176
_d176